| 000 | 00487nam a2200193 a 4500 | ||
|---|---|---|---|
| 003 | 0 | ||
| 005 | 20230309151535.0 | ||
| 008 | 101018s19uu xx 00 eng d | ||
| 020 | _a978-007-126355-9 | ||
| 100 | _aHeneman, Herbert G. III | ||
| 245 | _aStaffing organizations. | ||
| 250 | _a6th ed. | ||
| 260 |
_aBoston : _bMcGraw Hill, _c2009. |
||
| 300 | _a751 | ||
| 650 |
_aEmployees _xRecruiting. |
||
| 650 | _aEmployee selection. | ||
| 700 | _aJudge, Timothy A. | ||
| 942 |
_cBK _2lcc |
||
| 999 |
_c39652 _d39652 |
||